Classicism is nota style

-д хадгалсан:
Номзүйн дэлгэрэнгүй
Үндсэн зохиолч: Porphyrios, Demetri (Зохиогч)
Формат: Ном
Хэл сонгох:англи
Хэвлэсэн: Nueva York St Martin's Press 1982
Нөхцлүүд:
Шошгууд: Шошго нэмэх
Шошго байхгүй, Энэхүү баримтыг шошголох эхний хүн болох!

MARC

LEADER 00000nam a2200000 a 4500
001 UCT2470
003 CL-VaPUC
008 961011e19820000US |||||||||||||||||eng|d
082 0 4 |a 724.6  |b POR  |2 21 
100 0 |a Porphyrios, Demetri  |e author  |9 371480 
245 1 0 |a Classicism is nota style 
300 |a 128 p 
942 |c BK 
945 |d 19961011 00:00:00  |a rleighto 
260 |a Nueva York  |b St Martin's Press  |c 1982 
650 0 |a Arquitectura  |9 804558 
650 0 |a Clasicismo en arquitectura  |9 371482 
650 0 |a Estilos artísticos  |9 340996 
650 0 |a Diseño arquitectónico   |9 265271 
583 |a last modification  |c 19961011 00:00:00  |k Rodrigo Vera 
999 |c 252543  |d 252541 
952 |0 0  |1 0  |4 0  |6 724_600000000000000_POR_1982  |7 0  |8 P  |9 272453  |a BIBARQ  |b BIBARQ  |d 2019-11-19  |i 3236064  |l 1  |o 724.6 POR 1982  |p 3236064  |r 2025-01-20  |s 2022-10-17  |w 2019-11-19  |y BK  |k ARQ